000 00592nam a2200229Ia 4500
003 OSt
005 20220923225804.0
006 a|||||r|||| 00| 0
007 ta
008 Pun
024 _a274,693
037 _cTextual
040 _aARTS
_cARTS
_bPun
041 _2Pun
_aPun
082 _aO153,1J39x, K8
100 _aਸਿੰਘ, ਪਿਆਰਾ
245 0 _aਹੁਸੈਨ ਰਚਨਾਵਲੀ
260 _c1968
650 _aਪੰਜਾਬੀ ਸਾਹਿਤ
942 _hO153,1J39x, K8
_cTEXL
_2CC
999 _c380416
_d380416